| 000 | 00700nam a22002057a 4500 | ||
|---|---|---|---|
| 005 | 20100805140212.0 | ||
| 010 | _aENG-98394 | ||
| 020 |
_a9788190993418 _c50.00 |
||
| 035 | _aEN-81927 | ||
| 037 | _bDBAD/PUB | ||
| 082 | _a512 | ||
| 100 |
_aSelvi, K. Tamil _98397 |
||
| 245 |
_aAlgebraic structures : _cby K.Tamil Selvi _bfor B.Sc., mathematics major students Madras / |
||
| 260 |
_aChennai _bGanesh Publishers _c2009 |
||
| 270 |
_a15, Thanappa Street, Triplicane _bChennai _e600001 |
||
| 300 |
_a91p. _c20cm (pbk) |
||
| 650 |
_aAlgebra _98398 |
||
| 942 |
_2ddc _cEN _h512 _mSEL |
||
| 999 |
_c39446 _d39446 |
||